Leaders of the pack : women and the future of veterinary medicine /

Saved in:
Bibliographic Details
Main Authors: Kumble, Julie, 1962- (Author), Smith, Donald F. (Author)
Format: Book
Language:English
Published: West Lafayette, Indiana : Purdue University Press, [2017]
Series:New directions in the human-animal bond.
Subjects:
Tags: Add Tag
No Tags, Be the first to tag this record!
LEADER 01868cam a2200541 i 4500
001 015073764-5
005 20171208213402.0
008 170320s2017 inu b 001 0 eng
010 |a  2017012179 
016 7 |a 101711938  |2 DNLM 
020 |a 9781557537720 (pbk. : alk. paper) 
020 |a 1557537720 (pbk. : alk. paper) 
020 |z 9781612494869 (epdf) 
020 |z 9781612494876 (epub) 
024 8 |a 99972020110 
035 0 |a ocn953885985 
040 |a DLC  |b eng  |e rda  |c DLC  |d YDXCP  |d BTCTA  |d BDX  |d IPL  |d OCLCF  |d PAU  |d NRC  |d OCLCO  |d NLM  |d OCLCO 
042 |a pcc 
050 0 0 |a SF612  |b .K86 2017 
060 0 0 |a 2017 G-243 
060 1 0 |a SF 612 
082 0 0 |a 636.089082  |2 23 
100 1 |a Kumble, Julie,  |d 1962-  |e author. 
245 1 0 |a Leaders of the pack :  |b women and the future of veterinary medicine /  |c Julie Kumble and Donald F. Smith. 
264 1 |a West Lafayette, Indiana :  |b Purdue University Press,  |c [2017] 
300 |a x, 169 pages ;  |c 23 cm. 
336 |a text  |b txt  |2 rdacontent 
337 |a unmediated  |b n  |2 rdamedia 
338 |a volume  |b nc  |2 rdacarrier 
490 1 |a New directions in the human-animal bond 
504 |a Includes bibliographical references and index. 
655 2 |a Anecdotes. 
650 2 2 |a Leadership. 
650 1 2 |a Women. 
650 1 2 |a Veterinarians. 
650 0 |a Women veterinarians  |v Anecdotes. 
650 0 |a Leadership in women. 
650 7 |a Leadership in women.  |2 fast  |0 (OCoLC)fst00994745 
650 7 |a Women veterinarians.  |2 fast  |0 (OCoLC)fst01178659 
650 4 |a Leadership in women.  |0 (OCoLC)fst00994745 
650 4 |a Women veterinarians.  |0 (OCoLC)fst01178659 
655 7 |a Anecdotes.  |2 fast  |0 (OCoLC)fst01423876 
700 1 |a Smith, Donald F.  |q (Donald Frederick),  |e author. 
830 0 |a New directions in the human-animal bond. 
899 |a 285_469726 
988 |a 20170726 
049 |a SLRR 
906 |0 DLC